Das Götter Alphabet - Statistiken

Allgemein
  • Dieses Quiz wurde 354 mal gespielt
  • Das Durchschnittsergebnis liegt bei 7 aus 26
Antwortstatistiken
Buchstabe Gottheit Ursprung % Korrekt
Z Zeus Griechenland
84%
R Ra Ägypten
77%
J Jupiter Römisch
68%
M Mars Römisch
60%
T Thor Nordisch/Skandinavien
60%
O Odin Nordisch/Skandinavien
56%
P Poseidon Griechenland
52%
A Anubis Ägypten
50%
L Loki Nordisch/Skandinavien
49%
H Hermes Griechenland
46%
C Ceres Römisch
29%
G Ganesha Indien
28%
V Vishnu Indien
22%
Q Quetzalcoatl Azteken/Maya
10%
S Selene Griechenland
8%
E Ea Babylonien
2%
D Daikoku Japan
1%
F Fujin Japan
1%
I Inari Japan
1%
N Naga/Nagi Indien
1%
U Uka No Mitama Japan
1%
B Bormo Gallien
0%
K K'awaiil Maya
0%
W Wiraqucha Inka
0%
X Xochiquetzal Azteken
0%
Y Yngvi Nordisch/Skandinavien
0%
Keine übereinstimmenden Quizze gefunden
Verteilung der Resultate
Anzahl Personen mit jedem Resultat
Perzentil nach korrekt beantworteten Fragen
Ihre Resultats-Entwicklung
Sie haben dieses Quiz noch nicht gespielt